000 00578nam a2200217 a 4500
001 78911
003 BD-RjUL
005 20211209083204.0
008 211129s1997 ii ||||| |||| 00| 0 eng d
020 _a8185989060
035 _a(BD-RjUL)79138
040 _aBD-RjUL
_beng
_cBD-RjUL
041 _aeng
082 _223
_a306.7
_bGUS 1997
100 _aGupta, L. C.
_9250709
245 _aSex and sexuality /
_cL.C. Gupta.
300 _a375 pages :
_billustrations ;
_c 22 cm.
650 _aSex
_9250710
650 _aSexual behavior surveys
_zIndia.
_9250711
942 _2ddc
_cBK
999 _c78911
_d78911